| 000 | 00545nam a22001817a 4500 | ||
|---|---|---|---|
| 005 | 20231123103145.0 | ||
| 008 | 231123b |||||||| |||| 00| 0 eng d | ||
| 020 | _a040901348 X | ||
| 041 | _aEnglish | ||
| 082 | _a342 BUR | ||
| 100 |
_aBurns, Y _lEnglish |
||
| 245 |
_aAdministrative Law Under the 1996 Constitution / _cY Burns |
||
| 250 | _aSecond Edition | ||
| 260 |
_aDurban : _bLexisNexis Butterworths, _c2003 |
||
| 300 |
_bxvi, 376 pages ; _c25 cm. |
||
| 650 |
_aLegal practice _bLaw |
||
| 942 |
_cBK _6ALISON_BN_VRIES |
||
| 999 |
_c886 _d886 |
||